000 00743nam a2200277Ia 4500
001 460
005 20240113233415.0
007 ta
008 050117s1906 a g b000 u eng u
020 _a81-85418-53-5
040 _aCotton College,Assam
041 _aeng
082 _a891.1
_bBl 62 Ve
100 _aBloomfield, Maurice .
245 0 _aA Vedic Concordance /
_cMaurice Bloomfield.
_hTextual Documents
250 _a1st.ed /
260 _aDelhi :
_bLow Price Publication ,
_c1906.
300 _a1075p. :
_bill ;
_c28cm. .
500 _aAn alphabetic Index of different Vedic books
653 _aVedic literature
653 _aReference
942 _2ddc
_cBK
999 _c458
_d458